Řízení výroby 2 základní pojmy s příklady

Uložené v:
Podrobná bibliografia
Hlavný autor: Jurová, Marie
Korporativný autor: Vysoké učení technické v Brně
Médium: Kniha
Jazyk:Czech
Vydavateľské údaje: Praha Státní nakladatelství technické literatury 1985
Tagy: Pridať tag
Žiadne tagy, Buďte prvý, kto otaguje tento záznam!

MARC

LEADER 00000nam a2200000 4500
001 c105925
005 20190425112114.3
041 0 |a cze 
044 |a CZ 
245 1 0 |a Řízení výroby 2  |b základní pojmy s příklady  |c Marie Jurová 
264 1 |a Praha  |b Státní nakladatelství technické literatury  |c 1985 
300 |a 144 s. 
100 1 |a Jurová, Marie 
710 2 |a Vysoké učení technické v Brně